El crimen contra la humanidad
Sparad:
| Huvudupphovsman: | |
|---|---|
| Materialtyp: | Bok |
| Språk: | spanska |
| Publicerad: |
Madrid
Dykinson S.L
2015
|
| Upplaga: | 1a. ed |
| Ämnen: | |
| Taggar: |
Lägg till en tagg
Inga taggar, Lägg till första taggen!
|
MARC
| LEADER | 00000cam a2200000 a 4500 | ||
|---|---|---|---|
| 001 | UCC9049 | ||
| 003 | CL-VaPUC | ||
| 008 | 190904e20150000sp |||||||||||||||||spa|d | ||
| 020 | |a 9788490856321 | ||
| 082 | 0 | 4 | |a 341.77 |b LIÑ |2 21 |
| 100 | 0 | |a Liñán Lafuente, Alfredo |e author |9 603838 | |
| 245 | 1 | 3 | |a El crimen contra la humanidad |
| 250 | |a 1a. ed | ||
| 300 | |a 320 p | ||
| 942 | |c BK | ||
| 945 | |d 20190904 15:40:00 |a dcastane | ||
| 260 | |a Madrid |b Dykinson S.L |c 2015 | ||
| 650 | 0 | |a Crímenes de lesa humanidad |9 529878 | |
| 650 | 0 | |a Derecho internacional |9 255637 | |
| 650 | 0 | |a Responsabilidad penal |9 254899 | |
| 583 | |a last modification |c 20190904 15:40:00 |k Rodrigo Vera | ||
| 999 | |c 375244 |d 375242 | ||
| 952 | |0 0 |1 0 |3 erb |4 0 |6 341_770000000000000_LIÑ_2015 |7 0 |8 WP_COW |9 561189 |a BIBDER |b BIBDER |e Fundación W and P Cowley |i 559748K |l 1 |m 3 |o 341.77 LIÑ 2015 |p 559748K |q 2025-12-31 |r 2024-01-31 |s 2024-01-31 |w 2020-03-12 |y BK |z Catalogado en:20190904 |k WPC | ||